00518nam a22001697a 450000500170000001000150001702000260003203500130005803700130007108200170008410000200010124500600012126000450018127000550022630000260028150000410030720141127153048.0 aENG-111232 a9789350532584c850.00 aEN-94764 bDBAD/PUB a305.56880954 aThakur, Sanjeet aDalit struggle for self liberation /cby Sanjeet Thakur aNew DelhibCyber Tech Publicationsc2014 a4264/3, Ansari Road, Darya GanjbNew Delhie110002 avii, 248p. c22cm(Hb) aIncludes bibliographical references